000 00625nam a2200217 a 4500
005 20140310183505.0
008 100812s19uu xx 00 eng d
020 _a9781412955119
050 _aLC 3981
_b.Os725 2009
100 _aOsborne, Allan G.
245 _aDiscipline in special education.
260 _aCalifornia, U.S.A :
_bCorwin,
_c2009.
300 _a167 p. :
_bil. ;
_c26 cm.
521 _aEDU
650 _aSpecial education
_xUnited States
_xAdministration.
650 _aSchool discipline
_xUnited States.
700 _aRusso, Charles J.
942 _cBK
_2lcc
_kFOR
999 _c24029
_d24029